| 000 | 00818nam a2200265Ia 4500 | ||
|---|---|---|---|
| 003 | OSt | ||
| 005 | 20220923211142.0 | ||
| 006 | a|||||r|||| 00| 0 | ||
| 007 | ta | ||
| 008 | Pun | ||
| 020 | _a8186265457 (hbk) | ||
| 024 | _a157,969 | ||
| 037 | _cTextual | ||
| 040 |
_aARTS _cARTS _bPun |
||
| 041 |
_2Pun _aPun |
||
| 082 | _aO153,3N17,PK, 152P0 | ||
| 100 |
_aदुग्गल, कर्तार सिंह _9158791 |
||
| 245 | 0 | _aफूलों का साथ | |
| 246 | _aFūloan kā sātha | ||
| 260 |
_aदिल्ली _b साक्षी प्रकाशन _c2000 |
||
| 300 |
_a167 पृ0 _ccm. |
||
| 650 | _aपंजाबी निबंध | ||
| 942 |
_hO153,3N17,PK, 152P0 _cTEXL _2CC |
||
| 999 |
_c295986 _d295986 |
||